000 00612nam a2200229Ia 4500
003 OSt
005 20221007071054.0
006 a|||||r|||| 00| 0
007 ta
008 221006b |||||||| |||| 00| 0 eng d
024 _a28,692
037 _cTextual
040 _aFLL
_cFLL
_beng
041 _2eng
_aeng
082 _aZQ7,122, L7.1
100 _aHassan Fakhruddin
_9688080
245 0 _aMahomedan law
260 _aLahore
_bLaw Publishing Company Pakistan
_c1977
300 _axxxvi,343p
_ccm.
942 _hZQ7,122, L7.1
_cTEXL
_2CC
999 _c1142362
_d1142362